| 000 | 00882nam a2200253 i 4500 | ||
|---|---|---|---|
| 001 | bg | ||
| 100 | 1 |
_aWehler, Hans-Ulrich _d(1931- ). |
|
| 245 | 1 | 0 |
_aDeutsche Gesellschaftsgeschichte. _n4. Bd., _pVom Beginn des Ersten Weltkriegs bis zur Gründung der beiden deutschen Staaten 1914-1949 / _cHans-Ulrich Wehler. |
| 260 |
_aMünchen : _bC.H. Beck, _c2003. |
||
| 300 |
_aXXIV, 1173 s. ; _c23 cm. |
||
| 650 | 9 |
_aHistoria gospodarcza _y20 w. |
|
| 651 | 9 |
_aNiemcy _xhistoria _y20 w. |
|
| 020 | _a3406322646 (für diese Ausgabe) | ||
| 020 | _a3406324901 (für die fünfbändige Ausgabe) | ||
| 040 | _cBPK | ||
| 041 | 0 | _ager | |
| 044 | _aDEU | ||
| 080 | _a94(430)"20":338.1(430)(091) | ||
| 920 | _a3-406-32264-6 | ||
| 920 | _a3-406-32490-1 | ||
| 942 | _cKS | ||
| 008 | s pl f |000 0 pol | ||
| 999 |
_c54553 _d54553 |
||
| 856 |
_uhttp://koha.tu.koszalin.pl/cgi-bin/koha/opac-detail.pl?biblionumber=54553 _yKatalog online BPK |
||